[Event "SWE-ch"]
[Site "Lindesberg"]
[Date "1993.??.??"]
[Round "12"]
[White "Engqvist, Thomas"]
[Black "Ernst, Thomas"]
[Result "1/2-1/2"]
[WhiteElo "2420"]
[BlackElo "2480"]

1.d4 Nf6 2.Nf3 g6 3.c4 Bg7 4.g3 O-O 5.Bg2 d6 6.O-O Nc6 7.Nc3 a6 8.h3 Rb8
9.Be3 b5 10.Nd2 Bd7 11.Rc1 Na5 12.cxb5 axb5 13.b4 Nc4 14.Nxc4 bxc4 15.b5 d5
16.a4 c6 17.Rb1 e6 18.Bf4 Rb7 19.Qd2 Re8 20.Rb2 cxb5 21.axb5 Qe7 22.Be5 Rc8
23.Rfb1 Qe8 24.g4 Qe7 25.Ra2 Be8 26.Ra5 Qd8 27.Qa2 Nd7 28.Bxg7 Kxg7 29.Qa3 Nb6
30.Ra1 Rbb8 31.Ra6 Kg8 32.e3 Kg7 33.Bf3 Kg8 34.Kg2 Kg7 35.Qb4 Kg8 36.Ra7 Kg7
37.R1a6 Kg8 38.Qa5 Kg7 39.Qa3 Kg8 40.Kg3 Kg7 41.Kg2 Kg8 42.Kf1 Kg7 43.Kg2  1/2-1/2

[Event "London SCCU op"]
[Site "London"]
[Date "1993.??.??"]
[Round "1"]
[White "Sagall, Roy"]
[Black "Britton, Richard"]
[Result "1/2-1/2"]
[WhiteElo "2130"]
[BlackElo "2275"]

1.d4 Nf6 2.c4 g6 3.Nf3 Bg7 4.g3 O-O 5.Bg2 d6 6.O-O Nc6 7.Nc3 e5 8.d5 Ne7
9.e4 Ne8 10.Ne1 f5 11.Nd3 h6 12.f3 g5 13.Qe2 f4 14.g4 h5 15.h3 Rf6 16.Bd2 Rh6
17.c5 Ng6 18.Rfc1 Bf8 19.cxd6 cxd6 20.Be1 Bd7 21.Bf2 Qe7 22.Rc2 Qh7 23.Rac1 hxg4
24.hxg4 Be7 25.Ne1 a6 26.b3 Kf7 27.Na4 Nf6 28.Nb6 Bb5 29.Nc4 Rh8 30.Kf1 Rh2
31.Bg1 Rh6 32.a4 Be8 33.Nb6 Nh4 34.Rc7 Nxg2 35.Nxg2 Rh1 36.Qf2 Qh3 37.Ke2 Kf8
38.Nc8 Bd7 39.Nxe7 Kxe7 40.Rxb7 Rd8 41.Rcc7 Nxg4 42.fxg4 Qxg4+ 43.Kf1 Qd1+
44.Ne1 f3 45.Qxf3 Rxg1+ 46.Kxg1 Qxe1+ 47.Kg2 Qd2+ 48.Qf2 Qd3 49.Qf3 Qd2+
50.Qf2 Qd3 51.Qc2 Qh3+ 52.Kg1 Qg3+ 53.Qg2 Qe1+ 54.Qf1 Qxe4 55.Qh3 Qd4+ 56.Kh2 Qf2+
57.Kh1 Qe1+ 58.Kg2 Qd2+ 59.Kg1 Qd1+ 60.Kh2 Qd2+ 61.Kg1  1/2-1/2

[Event "Loosdorf op"]
[Site "Loosdorf"]
[Date "1993.??.??"]
[Round "8"]
[White "Lazarev, Vladimir"]
[Black "Bliumberg, Vladislav"]
[Result "1/2-1/2"]
[WhiteElo "2440"]
[BlackElo "2340"]

1.Nf3 d6 2.d4 Nf6 3.c4 g6 4.g3 Bg7 5.Bg2 O-O 6.O-O Nbd7 7.Qc2 e5 8.Rd1 Qe7
9.Nc3 c6 10.b3 Nb6 11.dxe5 dxe5 12.h3 e4 13.Nh2 Re8 14.Bf4 h5 15.Bd6 Qe6
16.e3 Nbd7 17.Rab1 Qf5 18.Ne2 g5 19.f4 gxf4 20.gxf4 h4 21.Nf3 Nf8 22.Nfd4 Qh5
23.Kh2 c5 24.Nb5 Bg4 25.Rd2 Bf3 26.Rg1 Rad8 27.Nec3 Re6 28.Bf1 N8h7 29.Bc7 Rxd2+
30.Qxd2 a6 31.Nd6 Kh8 32.Nxb7 Ne8 33.Nd5 Rg6 34.Qf2 Nxc7 35.Nxc7 Rxg1 36.Qxg1 Bc3
37.Bg2 Bxg2 38.Qxg2 Be1 39.Qg4 Qh6 40.Nd5 f5 41.Qxf5 Qg7 42.Qe5 Qxe5 43.fxe5 Ng5
44.Nxc5  1/2-1/2

[Event "POL-chT"]
[Site "Lubniewice"]
[Date "1993.??.??"]
[Round "?"]
[White "Litinskaya, Marta I"]
[Black "Wiliczkiewicz, Zdzislawa"]
[Result "1-0"]
[WhiteElo "2305"]
[BlackElo "2015"]

1.d4 Nf6 2.c4 g6 3.Nf3 Bg7 4.g3 d6 5.Bg2 O-O 6.O-O c6 7.Nc3 Bf5 8.b3 Ne4
9.Nxe4 Bxe4 10.Bb2 d5 11.Qd2 Nd7 12.cxd5 cxd5 13.Rfc1 Nf6 14.Qb4 Bxf3 15.Bxf3 Qd7
16.Ba3 e6 17.Rc2 Rfc8 18.Rac1 Bf8 19.Qa5 Bxa3 20.Qxa3 a6 21.e3 Rxc2 22.Rxc2 Rc8
23.Qc1 Rxc2 24.Qxc2 Qb5 25.Be2 Qb4 26.Bd3 Kg7 27.Kf1 h5 28.h3 Qa5 29.Qb2 Qc7
30.Kg2 Qa5 31.b4 Qa4 32.b5 axb5 33.Bxb5 Qd1 34.Be2 Qe1 35.Bf3 Qa5 36.a3 Qa4
37.Qc3 Qa6 38.Qb2 Qa5 39.Be2 Qe1 40.Bd3 Qa5 41.Qb4 Qxb4 42.axb4 Ne8 43.Kf3 f5
44.Kf4 Kf6 45.h4 Nd6 46.f3 Nc8 47.e4 fxe4 48.fxe4 dxe4 49.Bxe4 Nd6 50.Bf3 b6
51.Be4 Nc4 52.Bg2 Nd6 53.Bh3 Nc4 54.Bf1 Nd6 55.Bd3 Nf7 56.Be4 Nd6 57.d5 exd5
58.Bxd5 Nf5 59.Bc4 Ne7 60.b5 Nf5 61.Bf1 Ke6 62.Kg5 Kf7 63.Bd3 Ne7 64.Bc4+ Kf8
65.Kf6 Nf5 66.Kxg6 Nxg3 67.Bd3 Nh1  1-0

[Event "POL-chT"]
[Site "Lubniewice"]
[Date "1993.??.??"]
[Round "?"]
[White "Jasnikowski, Zbigniew"]
[Black "Sznapik, Aleksander"]
[Result "1-0"]
[WhiteElo "2450"]
[BlackElo "2420"]

1.d4 Nf6 2.c4 g6 3.Nf3 Bg7 4.g3 O-O 5.Bg2 d6 6.Nc3 Nbd7 7.O-O e5 8.h3 c6
9.dxe5 dxe5 10.Ng5 Qe7 11.Nge4 Ne8 12.g4 f5 13.gxf5 gxf5 14.Ng3 f4 15.Nge4 Ndf6
16.a4 Nxe4 17.Nxe4 Bf5 18.a5 Rd8 19.Qb3 Rd4 20.c5+ Kh8 21.Ra4 Rxa4 22.Qxa4 Qh4
23.Qb3 Bxe4 24.Bxe4 f3 25.Bxf3 Qxh3 26.Qxb7 e4 27.Bg2 Qh5 28.Qxc6 Nf6 29.Qd6 Rg8
30.Bf4 Qxe2 31.c6  1-0

[Event "POL-chT"]
[Site "Lubniewice"]
[Date "1993.??.??"]
[Round "?"]
[White "Jasnikowski, Zbigniew"]
[Black "Maciejewski, Miroslaw"]
[Result "0-1"]
[WhiteElo "2450"]
[BlackElo "2400"]

1.d4 Nf6 2.c4 g6 3.Nf3 Bg7 4.g3 O-O 5.Bg2 d6 6.Nc3 Nbd7 7.O-O e5 8.h3 c6
9.e4 Qb6 10.Re1 exd4 11.Nxd4 Ne8 12.Nc2 Nc5 13.Ne3 a5 14.Qc2 Nc7 15.Rb1 N5e6
16.Ne2 Re8 17.h4 Nd4 18.Nxd4 Bxd4 19.Rd1 Ne6 20.b3 Qc5 21.Re1 h5 22.Bb2 a4
23.b4 Qb6 24.a3 Bg7 25.Bxg7 Nxg7 26.Red1 Rd8 27.Qc3 Be6 28.Qf6 Rd7 29.Rb2 Qd8
30.Qc3 Ne8 31.Rbd2 Qe7 32.Rd3 Rad8 33.Qc2 Ra8 34.f4 Ng7 35.Qd2 Rad8 36.Re1 Qf8
37.Qc2 Ra8 38.Red1 Qe7 39.Qd2 Rad8 40.Re1 Qf8 41.Qd1 f5 42.Qxa4 Re8 43.Qd1 fxe4
44.Bxe4 Bf7 45.Bf3 Rde7 46.Re2 Re6 47.Kf2 Qe7 48.Qd2 Qc7 49.a4 Qb6 50.a5 Qa7
51.Rxd6 Rxd6 52.Qxd6 Rxe3 53.c5 Rxe2+ 54.Bxe2 Qa8 55.Bd3 Qe8 56.Qc7 Nf5 57.Bxf5 gxf5
58.Qxb7 Bc4  0-1

[Event "Wch Team"]
[Site "Luzern"]
[Date "1993.??.??"]
[Round "4"]
[White "Eingorn, Vereslav S"]
[Black "Iuldachev, Saidali"]
[Result "1/2-1/2"]
[WhiteElo "2580"]
[BlackElo "2445"]

1.d4 Nf6 2.Nf3 g6 3.c4 Bg7 4.g3 O-O 5.Bg2 d6 6.O-O Nbd7 7.Qc2 e5 8.Rd1 Re8
9.Nc3 c6 10.Bg5 Qc7 11.Qd2 e4 12.Ne1 Nb6 13.b3 d5 14.Nc2 Be6 15.c5 Nbd7 16.b4 Nf8
17.f3 exf3 18.exf3 Qd7 19.Bh6 Bf5 20.Bxg7 Kxg7 21.Ne3 Bh3 22.Re1 Bxg2 23.Nxg2 Qf5
24.Nf4 h5 25.Kg2 Rxe1 26.Rxe1 Re8 27.Rxe8 Nxe8 28.Kf2 Nc7 29.Qd3 Qf6 30.Qe3 Nfe6
31.Nce2 Nxf4 32.Nxf4 Nb5 33.Ne2 Nc7 34.Nf4 Nb5  1/2-1/2

[Event "Madrid"]
[Site "Madrid"]
[Date "1993.??.??"]
[Round "4"]
[White "Izeta Txabarri, Felix"]
[Black "San Segundo, Pablo"]
[Result "0-1"]
[WhiteElo "2505"]
[BlackElo "2440"]

1.d4 Nf6 2.Nf3 g6 3.c4 Bg7 4.g3 O-O 5.Bg2 d6 6.Nc3 Nc6 7.d5 Na5 8.Nd2 c5
9.O-O a6 10.Qc2 Rb8 11.b3 b5 12.Bb2 e6 13.Nd1 Re8 14.e4 Bd7 15.Ne3 bxc4 16.Ndxc4 Nxc4
17.Nxc4 Bb5 18.dxe6 Rxe6 19.Rfd1 Bxc4 20.Qxc4 Qe7 21.f3 d5 22.exd5 Re2 23.Bc3 Nxd5
24.Rxd5 Qe3+ 25.Kh1 Bxc3 26.Rf1 Bd4 27.Rd7 Rf8 28.f4 Qd2 29.Qd5 Re1 30.h4 Qf2
31.Rxe1 Qxg3 32.Qf3 Qxe1+ 33.Bf1 Qxh4+ 34.Kg2 a5 35.Bc4 Kg7 36.Ra7 h5 37.Qg3 Qf6
38.Rxa5 Qe7 39.Rb5 Re8 40.a4 Qe4+  0-1

[Event "Mar del Plata Mayor"]
[Site "Mar del Plata"]
[Date "1993.??.??"]
[Round "?"]
[White "Piscicelli, Daniel"]
[Black "Cristobal, Ruben"]
[Result "1/2-1/2"]
[WhiteElo "2330"]
[BlackElo "2220"]

1.d4 Nf6 2.c4 g6 3.g3 Bg7 4.Bg2 d6 5.Nf3 O-O 6.Nc3 Nc6 7.O-O e5 8.d5 Ne7
9.e4 Nd7 10.b4 a5 11.bxa5 f5 12.Ng5 Nc5 13.Ba3 h6 14.Bxc5 hxg5 15.Bb4 g4
16.Nb5 Bd7 17.a4 f4 18.f3 fxg3 19.hxg3 Bh6 20.Ra3 Rf6 21.fxg4 Rxf1+ 22.Bxf1 Kg7
23.c5 dxc5 24.Bxc5 Ng8 25.Be2 Nf6 26.Qa1 Bxb5 27.axb5 Qe8 28.Ra4 Bg5 29.a6 b6
30.Bf2 Nd7 31.Qc3 Be7 32.Qxc7 Rc8 33.d6 Rxc7 34.dxc7 Bc5 35.a7 Qf8  1/2-1/2

[Event "Martinez Valle op"]
[Site "Martinez Valle"]
[Date "1993.??.??"]
[Round "4"]
[White "Garcia, Raimundo"]
[Black "Madina, Martin"]
[Result "1/2-1/2"]
[WhiteElo "2375"]
[BlackElo "2260"]

1.d4 Nf6 2.c4 g6 3.Nf3 Bg7 4.g3 O-O 5.Bg2 d6 6.O-O c6 7.Nc3 Nbd7 8.h3 e5
9.e4 Qb6 10.Re1 Re8 11.d5 Nc5 12.Rb1 a5 13.Be3 Qc7 14.Nd2 Bd7 15.Qe2 Reb8
16.Rec1 Ne8 17.Kh2 f5 18.exf5 gxf5 19.dxc6 Bxc6 20.Nd5 Qf7 21.Nf3 Ne4 22.Ng5 Nxg5
23.Bxg5 Kh8 24.Rd1 b5 25.cxb5 Bxb5 26.Qe3 e4 27.Nc3 Bc6 28.Bh6 Bf6 29.b3 Rd8
30.Rbc1 Rac8 31.Bg5 Qg7 32.Bxf6 Nxf6 33.Qf4 Qg6 34.Ne2 Ne8 35.Qd2 a4 36.b4 Qf6
37.Qd4 Kg7 38.a3 Bb5 39.Qxf6+ Kxf6 40.Nd4 Bc4 41.g4 Ng7 42.f4 d5 43.Kg3 h6
44.Kf2 fxg4 45.hxg4 Ne6 46.g5+ hxg5 47.Nxe6 Kxe6 48.Bh3+ Kf6 49.fxg5+ Ke5
50.Bxc8 Rxc8 51.Ke3 Rf8 52.Rxc4 dxc4 53.Rg1 Rf3+ 54.Ke2 Rxa3 55.g6 Ra2+ 56.Ke3  1/2-1/2

[Event "AUS-ch op"]
[Site "Melbourne"]
[Date "1993.??.??"]
[Round "2"]
[White "Laird, Craig"]
[Black "Chapman, Mark"]
[Result "1/2-1/2"]
[WhiteElo "2270"]
[BlackElo "2360"]

1.d4 Nf6 2.Nf3 g6 3.g3 Bg7 4.Bg2 O-O 5.c4 d6 6.Nc3 Nbd7 7.O-O e5 8.Qc2 exd4
9.Nxd4 Re8 10.Rd1 Nc5 11.b3 Ne6 12.Nxe6 fxe6 13.Bg5 Qe7 14.Rd2 Qf7 15.h3 Rf8
16.Rad1 Rb8 17.b4 Bd7 18.c5 Bc6 19.e4 dxc5 20.bxc5 Nd7 21.Nb1 Qe8 22.Rd3 h6
23.Bf4 Rc8 24.Nd2 g5 25.Be3 Ne5 26.Ra3 g4 27.Bf4 Qh5 28.Bxe5 Bxe5 29.hxg4 Qxg4
30.Nc4 Bg7 31.Ne3 Qg5 32.Qc4 Kh8 33.Rxa7 Rcd8 34.Ra3 Rxd1+ 35.Nxd1 Rd8 36.Ne3 Qe5
37.Rd3 Ra8 38.Rd2 Ra5 39.Rd8+ Kh7 40.Qd3 Rxc5 41.f4 Rc1+ 42.Kf2 Qb2+ 43.Qd2 Ra1
44.Qxb2 Bxb2 45.Rd2 Bc3 46.Rc2 Bd4 47.g4 e5 48.fxe5 Kg6 49.e6 Kf6 50.Kf3 Kxe6
51.Rd2 Bc5 52.Nc2 Rc1 53.Kf4 Bb6 54.Nd4+ Bxd4 55.Rxd4 Rc2  1/2-1/2

[Event "AUS-ch op"]
[Site "Melbourne"]
[Date "1993.??.??"]
[Round "4"]
[White "Kagan, Naum"]
[Black "Chapman, Mark"]
[Result "1/2-1/2"]
[WhiteElo "2335"]
[BlackElo "2360"]

1.d4 Nf6 2.c4 g6 3.Nf3 Bg7 4.g3 O-O 5.Bg2 d6 6.Nc3 c5 7.dxc5 dxc5 8.Qxd8 Rxd8
9.Ne5 Nfd7 10.Nd3 Nc6 11.Bg5 h6 12.Bf4 g5 13.Bc7 Re8 14.Rc1 Nb4 15.Nxb4 cxb4
16.Na4 Nb6 17.b3 Nxa4 18.bxa4 Bc3+ 19.Kf1 a5 20.c5 e5 21.h4 e4 22.hxg5 hxg5
23.f3 Be6 24.Rc2 Bd7 25.fxe4 Bxa4 26.Rc1 Bc6 27.Rh5 f6 28.Kf2 Bxe4 29.Bxe4 Rxe4
30.Rch1 Kf7 31.Rh7+ Kg6 32.Kf3 Rae8 33.Bf4 R4e7 34.R1h6+ Kf5 35.e4+ Ke6 36.Bd6 Rd7
37.Rxd7 Kxd7 38.Rh7+ Kc6 39.Rc7+ Kb5 40.Rxb7+ Kc4 41.c6 Be5 42.Be7 Rc8 43.c7 Rxc7
44.Rxc7+ Bxc7 45.Bxf6 a4 46.Kg4 b3 47.axb3+ axb3 48.Bb2 Kd3 49.e5 Kc2 50.Bd4 b2
51.Bxb2 Kxb2  1/2-1/2

[Event "Melbourne"]
[Site "Melbourne"]
[Date "1993.??.??"]
[Round "7"]
[White "Kagan, Naum"]
[Black "Hamilton, Douglas G"]
[Result "1-0"]
[WhiteElo "2335"]
[BlackElo "2300"]

1.d4 Nf6 2.Nf3 g6 3.c4 Bg7 4.g3 O-O 5.Bg2 d6 6.Nc3 Nc6 7.d5 Na5 8.Nd2 c6
9.O-O cxd5 10.cxd5 Bd7 11.e4 b5 12.a3 Rc8 13.Nb3 Nc4 14.Nd4 Qb6 15.Nce2 e5
16.Nc2 Qc7 17.Ne1 a5 18.b3 Nb6 19.Bd2 Qa7 20.h3 Qa6 21.Ra2 Rfe8 22.g4 h5
23.g5 Nh7 24.h4 a4 25.Bb4 axb3 26.Qxb3 Nc4 27.Nf3 Qb6 28.Ng3 Qd8 29.Nd2 f6
30.gxf6 Qxf6 31.Nxc4 bxc4 32.Qe3 Bf8 33.f4 Bh6 34.Qa7 Re7 35.fxe5 Qxe5 36.Ne2 Bg4
37.Qb6 c3 38.Bxd6 Be3+ 39.Qxe3 Qxd6 40.Nxc3 Nf6 41.Qd4 Nd7 42.Nb5 Qg3 43.d6 Re5
44.Nc7 Qxh4 45.Nd5 Rce8 46.Ne7+ R8xe7 47.dxe7 Qxe7 48.Qb4 h4 49.Qxe7 Rxe7
50.a4 Ne5 51.Ra3 g5 52.a5 Ra7 53.Rc1 Kf7 54.Rc5 Kf6 55.Bh3 Bf3 56.Rxe5  1-0

[Event "AUS-ch op"]
[Site "Melbourne"]
[Date "1993.??.??"]
[Round "9"]
[White "Kagan, Naum"]
[Black "Hamilton, Douglas G"]
[Result "1-0"]
[WhiteElo "2335"]
[BlackElo "2300"]

1.d4 Nf6 2.Nf3 g6 3.g3 Bg7 4.Bg2 O-O 5.c4 d6 6.Nc3 Nbd7 7.O-O e5 8.e4 c6
9.h3 Qb6 10.c5 dxc5 11.dxe5 Ne8 12.Na4 Qa6 13.Bg5 b5 14.Nc3 Nc7 15.Be7 Re8
16.Bd6 Ne6 17.Ne2 Qb6 18.Kh2 a5 19.Qd2 a4 20.a3 Ra7 21.Rac1 c4 22.Nf4 Nxf4
23.Qxf4 Nf8 24.Rcd1 Ne6 25.Qd2 c5 26.Qe3 Rb7 27.Rd5 b4 28.Nd2 c3 29.bxc3 b3
30.f4 Nc7 31.Rd3 Na6 32.f5 f6 33.exf6 Bxf6 34.fxg6 Bg7 35.gxh7+ Kh8 36.Nc4 Qb5
37.Nb2 c4 38.Rd2 Be6 39.e5 Rd7 40.h4 Nb8 41.h5 Rxd6 42.Rxd6 Qxe5 43.Qxe5 Bxe5
44.Rb6 Bxc3 45.Nxa4 Bd4 46.Rxe6 Rxe6 47.Rf8+ Kxh7 48.Rxb8 Re2 49.Kh3 b2 50.Bf1 Re3
51.Nxb2 c3 52.Nd3 Kh6 53.Rc8 Kxh5 54.a4 Re7 55.a5 Kg5 56.a6 Ra7 57.Rc4 Bf6
58.Rc6 Kf5 59.Nf4 Rh7+ 60.Kg2 Rd7 61.Bd3+ Ke5 62.Re6+  1-0

[Event "BLR-ch"]
[Site "Minsk"]
[Date "1993.??.??"]
[Round "?"]
[White "Mochalov, Evgeny V"]
[Black "Dydyshko, Viacheslav"]
[Result "1-0"]
[WhiteElo "2445"]
[BlackElo "2490"]

1.d4 Nf6 2.c4 g6 3.Nf3 Bg7 4.g3 O-O 5.Bg2 d6 6.O-O c6 7.Nc3 Bf5 8.b3 Ne4
9.Bb2 Nxc3 10.Bxc3 Be4 11.e3 Nd7 12.Qe2 e6 13.Rac1 d5 14.Rfd1 h5 15.Bf1 Bxf3
16.Qxf3 f5 17.b4 a6 18.b5 axb5 19.cxb5 Qe7 20.bxc6 bxc6 21.Be1 Rfc8 22.Rc2 Nf6
23.Rdc1 Qb7 24.Qd1 Bf8 25.Rb1 Qa7 26.Bb4 Bxb4 27.Rxb4 c5 28.dxc5 Rxc5 29.Rcb2 Rc7
30.Rb6 Kf7 31.Ra6 Qxa6 32.Bxa6 Rxa6 33.Kg2 Rac6 34.a4 Rc1 35.Qb3 Ne4 36.a5 Nc5
37.Qa3 Rc4 38.Rb8 Ra4 39.Qb2 d4 40.exd4 Nd3 41.Qb5 Ne1+ 42.Kf1  1-0

[Event "Minsk"]
[Site "Minsk"]
[Date "1993.??.??"]
[Round "?"]
[White "Mochalov, Evgeny V"]
[Black "Zaitsev, Igor A"]
[Result "1-0"]
[WhiteElo "2445"]
[BlackElo "2450"]

1.d4 Nf6 2.c4 d6 3.g3 g6 4.Bg2 Bg7 5.Nf3 O-O 6.O-O Nbd7 7.Qc2 e5 8.Rd1 Re8
9.e4 exd4 10.Nxd4 Ne5 11.h3 c6 12.Be3 Qe7 13.b3 d5 14.cxd5 cxd5 15.exd5 Bxh3
16.Bxh3 Nxd5 17.Nd2 Nxe3 18.fxe3 Nc6 19.Nf1 Nxd4 20.Rxd4 Bxd4 21.exd4 Rad8
22.Rd1 Qf6 23.Qf2 Qb6 24.Bg2 Re6 25.d5 Qxf2+ 26.Kxf2 Ra6 27.Rd2 Kf8 28.Ne3 Rf6+
29.Ke2 h5 30.Rc2 Ke7 31.Bh3 Kd6 32.Nc4+ Kc5 33.Bg2 Kb4 34.Ne3 b5 35.Rc7 a6
36.Nc2+ Ka5 37.b4+ Kb6 38.Re7 a5 39.a3 axb4 40.axb4 Ra8 41.Be4 Ra7 42.Re8 h4
43.gxh4 Rf4 44.d6 Rd7 45.Ne3 Rxd6 46.Nd5+ Rxd5 47.Bxd5 Rxb4 48.Rh8 Rf4 49.Rh7 g5
50.h5 f5 51.Rg7 Kc5 52.Bf7 Re4+ 53.Kf2 Rf4+ 54.Ke2 Re4+ 55.Kd2 Rd4+ 56.Kc2 Rg4
57.h6 Rg2+ 58.Kd3 Rg3+ 59.Kd2 Rg2+ 60.Kd3 Rg3+ 61.Ke2  1-0

[Event "Mlada Boleslav op"]
[Site "Mlada Boleslav"]
[Date "1993.??.??"]
[Round "?"]
[White "Matlak, Marek"]
[Black "Kikiani, Tamaz"]
[Result "1-0"]
[WhiteElo "2430"]
[BlackElo "2220"]

1.d4 Nf6 2.Nf3 g6 3.c4 Bg7 4.g3 d6 5.Bg2 O-O 6.O-O Nc6 7.d5 Na5 8.Nfd2 c5
9.Nc3 e6 10.Qc2 exd5 11.cxd5 Bd7 12.b3 b5 13.Bb2 Qe7 14.Rae1 b4 15.Ncb1 Bb5
16.Nc4 Bxc4 17.bxc4 Nd7 18.Bxg7 Kxg7 19.e4 Nb6 20.Nd2 Qe5 21.Re3 f6 22.Kh1 Qe8
23.Rc1 Qa4 24.Qb1 Qd7 25.Qd3 Qa4 26.Rc2 Nb7 27.f4 Rae8 28.Re1 a5 29.Nf3 Nd8
30.h4 Qd7 31.Kh2 a4 32.Rce2 Nf7 33.Bh3 Qb7 34.h5 Qa6 35.Rc2 Re7 36.Nh4 Nh8
37.Be6 Nd7 38.Qf3 Nb6 39.Qg4 Rfe8 40.Nf5+ Kf8 41.hxg6 Nxg6 42.Nxe7 Rxe7 43.f5 Rxe6
44.fxg6 Re7 45.Qh4 hxg6  1-0

[Event "Mlada Boleslav op"]
[Site "Mlada Boleslav"]
[Date "1993.??.??"]
[Round "?"]
[White "Bagaturov, Giorgi"]
[Black "Oral, Tomas"]
[Result "1-0"]
[WhiteElo "2495"]
[BlackElo "2335"]

1.d4 Nf6 2.Nf3 g6 3.g3 Bg7 4.Bg2 O-O 5.c4 d6 6.Nc3 Nc6 7.O-O a6 8.b3 e5 9.d5 Ne7
10.e4 Nh5 11.Bd2 Qe8 12.Rc1 f5 13.exf5 gxf5 14.Ng5 Nf6 15.b4 Ng6 16.c5 h6
17.Ne6 Bxe6 18.dxe6 c6 19.cxd6 Qxe6 20.Be3 Rad8 21.Bc5 Ne8 22.Rc2 Rf7 23.Rd2 Bf8
24.Qh5 Kh7 25.Bh3 Qf6 26.Rfd1 Rdd7 27.Na4 Ng7 28.Qe2 Ne6 29.Kh1 Ng5 30.Bg2 f4
31.Qg4 Kg8 32.h4 f3 33.Bf1 Rh7 34.Kg1 Nf4 35.gxf4 Rdg7 36.fxg5 hxg5 37.h5 Qf4
38.Bh3 Rxh5 39.Qxh5 g4 40.Bg2 fxg2 41.d7  1-0

[Event "Mlada Boleslav op"]
[Site "Mlada Boleslav"]
[Date "1993.??.??"]
[Round "?"]
[White "Matlak, Marek"]
[Black "Horak, Michal"]
[Result "1-0"]
[WhiteElo "2430"]
[BlackElo "2310"]

1.d4 Nf6 2.Nf3 g6 3.c4 Bg7 4.g3 O-O 5.Bg2 d6 6.O-O c5 7.Nc3 Nc6 8.d5 Na5
9.Nd2 a6 10.Qc2 Rb8 11.b3 b5 12.Bb2 bxc4 13.bxc4 Bh6 14.f4 e5 15.dxe6 Bxe6
16.Nd5 Bg7 17.Bc3 Re8 18.Rab1 Rxb1 19.Rxb1 Bd7 20.Bxf6 Bxf6 21.Ne4 Bd4+ 22.e3 Bxe3+
23.Nxe3 f5 24.Nxd6 Rxe3 25.Qd2 Re7 26.Bd5+ Be6 27.Nxf5  1-0

[Event "Mlada Boleslav op"]
[Site "Mlada Boleslav"]
[Date "1993.??.??"]
[Round "?"]
[White "Freisler, Pavel"]
[Black "Neumann, Peter"]
[Result "1-0"]
[WhiteElo "2395"]
[BlackElo "2190"]

1.Nf3 g6 2.d4 Bg7 3.g3 Nf6 4.Bg2 O-O 5.c4 d6 6.O-O c6 7.Nc3 Bf5 8.Nh4 Bd7
9.e4 e5 10.Nf3 Qa5 11.Re1 Na6 12.h3 Rfd8 13.Be3 Ne8 14.Qe2 h6 15.a3 Qc7 16.Rac1 Qc8
17.Kh2 Nac7 18.Red1 f6 19.b4 b6 20.c5 dxc5 21.dxc5 b5 22.Nh4 Kh7 23.f4 a5
24.f5 g5 25.Ng6 axb4 26.axb4 Na6 27.Qh5 Nec7 28.Ne7 Qb7 29.Qg6+ Kh8 30.Qf7  1-0

[Event "Mlada Boleslav op"]
[Site "Mlada Boleslav"]
[Date "1993.??.??"]
[Round "?"]
[White "Lechtynsky, Jiri"]
[Black "Suran, Jan"]
[Result "1/2-1/2"]
[WhiteElo "2405"]
[BlackElo "2200"]

1.Nf3 Nf6 2.c4 g6 3.d4 Bg7 4.g3 O-O 5.Bg2 d6 6.Nc3 Nbd7 7.O-O e5 8.e4 c6
9.h3 Re8 10.Re1 a5 11.b3 exd4 12.Nxd4 Nc5 13.Rb1 Qe7 14.Bf4 Nfd7 15.Be3 Nf6
16.Qc2 Bd7 17.Rbd1 Rad8 18.Qc1 Bc8 19.Bf4 Qf8 20.Kh2 h6 21.Qc2 Nh7 22.Be3 Nf6
23.f4 Qe7 24.Bf2 Qc7 25.Re2 h5 26.Nf3 Ne6 27.Be3 Nd7 28.Qd2 Nf6 29.Qc2 Nd7
30.Qd2 Nf6 31.Qe1 Nd7 32.Qf2 Bf8 33.Nd4 Ndc5 34.Nxe6 Bxe6 35.f5 Bc8 36.Bf4 Nd7
37.c5 Ne5 38.Red2 Be7 39.cxd6 Bxd6 40.fxg6 fxg6 41.Rc2 Qe7 42.Qe3 Nf7 43.Bxd6 Rxd6
44.Rxd6 Qxd6 45.Ne2 Ne5 46.Nf4 Kg7 47.Rd2 Qb4 48.Rf2 Qe7 49.Qc3 Qb4 50.Qe3 Qe7  1/2-1/2

[Event "Mlada Boleslav op"]
[Site "Mlada Boleslav"]
[Date "1993.??.??"]
[Round "?"]
[White "Lechtynsky, Jiri"]
[Black "Dolezal, Radoslav Jr"]
[Result "1-0"]
[WhiteElo "2405"]
[BlackElo "2260"]

1.Nf3 Nf6 2.c4 g6 3.d4 Bg7 4.g3 O-O 5.Bg2 d6 6.O-O h6 7.Nc3 Nbd7 8.h3 e5
9.e4 Kh7 10.Be3 c6 11.Re1 Qe7 12.Qc2 b6 13.c5 dxc5 14.Nxe5 Bb7 15.Nxd7 Nxd7
16.Rad1 cxd4 17.Bxd4 Rfd8 18.f4 Bxd4+ 19.Rxd4 Nf8 20.Rdd1 Ne6 21.Qf2 Rxd1
22.Rxd1 Rd8 23.Rxd8 Nxd8 24.e5 f6 25.exf6 Qxf6 26.Ne4 Qe7 27.Qe3 Kg8 28.Qc3 c5
29.Nf6+ Kf7 30.Ng4 h5 31.Ne5+ Kg8 32.Nxg6 Qe2 33.Qh8+ Kf7 34.Ne5+ Ke7 35.Qg7+ Ke6
36.Qd7+  1-0

[Event "Mlada Boleslav op"]
[Site "Mlada Boleslav"]
[Date "1993.??.??"]
[Round "?"]
[White "Supatashvili, Khvicha"]
[Black "Belaska, Premysl"]
[Result "1/2-1/2"]
[WhiteElo "2440"]
[BlackElo "2255"]

1.d4 Nf6 2.c4 g6 3.Nf3 Bg7 4.g3 O-O 5.Bg2 d6 6.O-O Nc6 7.Nc3 a6 8.b3 Rb8
9.e3 Na5 10.a4 c5 11.Ba3 Qb6 12.Rb1 Bf5 13.Rb2 Nc6 14.d5 Nb4 15.Nh4 Bd3 16.Ne2 Nd7
17.Rd2 Bxe2 18.Rxe2 Qc7 19.Qd2 b5 20.axb5 axb5 21.Bxb4 cxb4 22.Qxb4 bxc4
23.Qxc4 Rfc8 24.Bh3 Qd8 25.Qf4 Rc3 26.Bxd7 Qxd7 27.Nf3 Rcxb3 28.Ng5 Bf6 29.Ne4 Be5
30.Qf3 R3b4 31.Ng5  1/2-1/2

[Event "Mlada Boleslav op"]
[Site "Mlada Boleslav"]
[Date "1993.??.??"]
[Round "?"]
[White "Panchenko, Alexandar G"]
[Black "Golod, Vitali"]
[Result "0-1"]
[WhiteElo "2475"]
[BlackElo "2490"]

1.Nf3 Nf6 2.d4 g6 3.c4 Bg7 4.g3 O-O 5.Bg2 d6 6.O-O Nbd7 7.Qc2 e5 8.Rd1 Qe7
9.Nc3 exd4 10.Nxd4 c6 11.b3 Re8 12.e4 Nc5 13.f3 h6 14.Bb2 Bd7 15.Re1 Rad8
16.Rad1 Nh5 17.Nce2 Bc8 18.g4 Nf6 19.Ng3 Qc7 20.b4 Ne6 21.Ndf5 gxf5 22.Nxf5 Nh7
23.Bxg7 Nxg7 24.Nxh6+ Kh8 25.h4 f6 26.f4 Ne6 27.Rf1 d5 28.exd5 Nxf4 29.d6 Qg7
30.Rxf4 Qxh6 31.Qf2 Rg8 32.Rdd4 Rg7 33.Kf1 Re8 34.Be4 Bxg4  0-1

[Event "Mravinci"]
[Site "Mravinci"]
[Date "1993.??.??"]
[Round "?"]
[White "Truta, Srecko"]
[Black "Matkovic, Tonci"]
[Result "0-1"]
[WhiteElo "2310"]
[BlackElo "2285"]

1.d4 Nf6 2.Nf3 g6 3.c4 Bg7 4.g3 O-O 5.Bg2 d6 6.O-O c6 7.Nc3 Qa5 8.e4 Qh5
9.e5 Ne8 10.Bg5 f6 11.exf6 Nxf6 12.Re1 Bg4 13.Bxf6 Rxf6 14.Re3 Bh6 15.Ne4 Rf8
16.Rb3 d5 17.cxd5 cxd5 18.Rxb7 Bxf3 19.Bxf3 Qxf3 20.Qxf3 Rxf3 21.Nc5 Nc6
22.Ne6 Rf6 23.Nc7 Rd8 24.Nb5 a6 25.Nc3 Bg7 26.Rd1 Re6 27.Rc7 Nxd4 28.Rc5 Ne2+
29.Nxe2 Rxe2 30.Rdxd5 Rxd5 31.Rxd5 Rxb2 32.a4 Kf7  0-1

[Event "Sportland NRW-Cup"]
[Site "Muenster"]
[Date "1993.??.??"]
[Round "7"]
[White "Unzicker, Wolfgang"]
[Black "Edelman, Daniel"]
[Result "1/2-1/2"]
[WhiteElo "2450"]
[BlackElo "2415"]

1.d4 Nf6 2.c4 g6 3.g3 Bg7 4.Bg2 O-O 5.Nf3 d6 6.O-O Nc6 7.Nc3 a6 8.d5 Na5
9.Nd2 c5 10.Qc2 Rb8 11.b3 b5 12.Bb2 Bh6 13.f4 bxc4 14.bxc4 e5 15.Rae1 exf4
16.gxf4 Nh5 17.e3 Bg7 18.Nd1 Bf5 19.Be4 Bxb2 20.Nxb2 Bxe4 21.Nxe4 Re8 22.Nd2 Qh4
23.Re2 f5 24.Nd3 Qf6 25.Rc1 Qd8 26.Qc3 Nf6 27.Nf2 Nh5 28.Nd3 Nf6 29.Nf2 Nh5  1/2-1/2

[Event "Munich op9293"]
[Site "Munich"]
[Date "1993.??.??"]
[Round "2"]
[White "Smejkal, Jan"]
[Black "Ankerst, Mihael"]
[Result "1-0"]
[WhiteElo "2525"]
[BlackElo "2360"]

1.Nf3 Nf6 2.c4 g6 3.d4 Bg7 4.g3 O-O 5.Bg2 d6 6.O-O Nbd7 7.Nc3 e5 8.e4 exd4
9.Nxd4 Re8 10.h3 a6 11.Nb3 Ne5 12.c5 dxc5 13.Nxc5 Qe7 14.Be3 b6 15.Nb3 Be6
16.Qc2 Rad8 17.Rad1 Bc4 18.Rxd8 Rxd8 19.Rd1 h6 20.Nd5 Nxd5 21.exd5 Bxb3 22.Qxb3 Qd6
23.Rc1 Rd7 24.f4  1-0

[Event "Munich op9293"]
[Site "Munich"]
[Date "1993.??.??"]
[Round "2"]
[White "Schlosser, Philipp"]
[Black "Freckmann, Mark"]
[Result "1-0"]
[WhiteElo "2500"]
[BlackElo "2300"]

1.d4 Nf6 2.Nf3 g6 3.c4 Bg7 4.g3 O-O 5.Bg2 d6 6.O-O Nbd7 7.Nc3 e5 8.e4 exd4
9.Nxd4 Re8 10.h3 Nc5 11.Re1 Bd7 12.b4 Ne6 13.Nb3 Ng4 14.Qc2 Ne5 15.Nd5 c6
16.Ne3 Ng5 17.Qe2 Nxh3+ 18.Kh2 Nxf2 19.Qxf2 Nd3 20.Qd2 Nxe1 21.Qxe1 Be5 22.Kg1 f5
23.Bd2 fxe4 24.Rd1 Qc7 25.Bc3 Re7 26.Bxe5 Rxe5 27.Qd2 Re6 28.Nd4 Rf6 29.Ne2 Raf8
30.Nc3 Re8 31.Nxe4 Rfe6 32.Nxd6 R8e7 33.Nf1 Re5 34.Qf4 Bf5 35.c5 Bc2 36.Qc4+  1-0

[Event "Munich op9293"]
[Site "Munich"]
[Date "1993.??.??"]
[Round "2"]
[White "Apicella, Manuel"]
[Black "Mainka, Romuald"]
[Result "0-1"]
[WhiteElo "2450"]
[BlackElo "2550"]

1.d4 Nf6 2.Nf3 g6 3.c4 Bg7 4.g3 O-O 5.Bg2 d6 6.O-O c6 7.Qc2 Bf5 8.Qb3 Qc7
9.Nc3 e5 10.Rd1 Na6 11.h3 Rfe8 12.d5 cxd5 13.cxd5 Nc5 14.Qa3 Nce4 15.Bd2 Qd7
16.g4 Nxc3 17.Bxc3 Be4 18.Ne1 Bxg2 19.Nxg2 Qb5 20.Kf1 Nxd5 21.Qxd6 Rad8 22.Qa3 Qc6
23.Kg1 b6 24.Bd2 h6 25.Qb3 Kh7 26.e4 Nf4 27.Nxf4 exf4 28.Bxf4 Qxe4 29.Bg3 f5
30.gxf5 Qxf5 31.Rxd8 Rxd8 32.Re1 Rd7 33.Re8 Rf7 34.Kh2 g5 35.Qb4 h5 36.h4 gxh4
37.Qxh4 Bxb2 38.Ra8 Bf6 39.Qa4 Be5 40.Rxa7 Qxf2+ 41.Kh1 Qf1+ 42.Kh2 Qf2+
43.Kh1 Qf3+  0-1